|
|
|
|
| LEADER |
00000nam0a2200000 4500 |
| 001 |
112289 |
| 005 |
20231101215042.0 |
| 020 |
|
|
|a RU
|b 87-64073
|
| 035 |
|
|
|a (RuTPU)RU\TPU\book\121395
|
| 090 |
|
|
|a 112289
|
| 100 |
|
|
|a 20070326d1987 d y0rusy5003 ca
|
| 101 |
0 |
|
|a rus
|
| 102 |
|
|
|a RU
|
| 105 |
|
|
|a a z 000gb
|
| 200 |
1 |
|
|a Стихотворения и песни
|f Р. Бернс
|g пер. Самуил Яковлевич Маршак
|
| 210 |
|
|
|a Москва
|d 1987
|c Детская литература
|
| 215 |
|
|
|a 174,[1] с.
|c ил.
|d 21 см
|
| 225 |
1 |
|
|a Школьная библиотека
|
| 600 |
|
1 |
|a Бернс
|b Р.
|c шотландский поэт
|f 1759-1796
|g Роберт
|2 stltpush
|3 (RuTPU)RU\TPU\pers\14633
|9 4861
|
| 610 |
1 |
|
|a шотландская литература
|
| 610 |
1 |
|
|a поэзия
|
| 610 |
1 |
|
|a эпиграммы
|
| 675 |
|
|
|a 82
|z rus
|
| 700 |
|
1 |
|a Бернс
|b Р.
|c шотландский поэт
|f 1759-1796
|g Роберт
|2 stltpush
|3 (RuTPU)RU\TPU\pers\14633
|9 4861
|
| 702 |
|
1 |
|a Маршак
|b С. Я.
|g Самуил Яковлевич
|4 730
|
| 801 |
|
0 |
|a RU
|b RuMRKP
|c 19950417
|g psbo
|
| 801 |
|
1 |
|a RU
|b 63413507
|c 20070326
|g PSBO
|
| 801 |
|
2 |
|a RU
|b 63413507
|c 20070412
|g PSBO
|
| 942 |
|
|
|c BK
|